|
|
|
|
| LEADER |
00000nab a2200000 a 4500 |
| 001 |
vtls000626411 |
| 003 |
SK-MaSNL |
| 005 |
20260426095218.0 |
| 008 |
201103c1997 xo 0 slo |
| 015 |
|
|
|a SNBRB19rr/mm-uuuuu
|
| 035 |
|
|
|a CL0626550
|
| 040 |
|
|
|a SNKBUCL
|b slo
|c SNKBUCL
|e AACR2
|
| 041 |
0 |
|
|a slo
|
| 044 |
|
|
|a xo
|c SK
|
| 080 |
|
|
|a 31:33(437.6:439:438:437.1/.2)
|2 1981
|
| 245 |
0 |
0 |
|a Medzinárodné porovnanie
|
| 300 |
|
|
|b Tab. 3
|
| 650 |
0 |
7 |
|a produkcia priemyselná
|2 snkbucl
|9 1291338
|
| 650 |
0 |
7 |
|a nerastné suroviny
|2 snkbucl
|9 69294
|
| 650 |
0 |
7 |
|a priemyselná výroba
|2 snkbucl
|9 72943
|
| 650 |
0 |
7 |
|a stavebná výroba
|2 snkbucl
|9 70946
|
| 650 |
0 |
7 |
|a ceny spotrebiteľské
|2 snkbucl
|9 901542
|
| 650 |
0 |
7 |
|a nezamestnanosť
|2 snkbucl
|9 4271
|
| 650 |
0 |
7 |
|a mena národná
|2 snkbucl
|9 894455
|
| 650 |
0 |
7 |
|a Poľsko
|2 snkbucl
|9 274601
|
| 650 |
0 |
7 |
|a Česká republika
|2 snkbucl
|9 894061
|
| 651 |
|
7 |
|a Slovensko
|2 SNKPHgeo
|9 14231
|
| 651 |
|
7 |
|a Maďarsko
|2 snkbucl
|9 16754
|
| 655 |
|
7 |
|a články z novín a časopisov
|2 snkbucl
|9 267496
|
| 773 |
0 |
|
|t Bulletin
|g Č. 2 (1997), s. 30
|
| 850 |
|
|
|a Slovenská národná knižnica v Martine
|a MTA001
|
| 852 |
|
|
|a SNK
|b KIS3GCP
|
| 958 |
|
|
|a SK
|
| 958 |
|
|
|a RK
|
| 958 |
|
|
|a RBX
|
| 999 |
|
|
|c 3159821
|d 3161751
|